[Event "Linares 09th"]
[Site "Linares"]
[Date "1991.??.??"]
[Round "3"]
[White "Ljubojevic, Ljubomir"]
[Black "Karpov, Anatoly"]
[Result "1-0"]
[WhiteElo "2590"]
[BlackElo "2725"]
[Annotator "Anand,V"]
[PlyCount "175"]
[EventDate "1991.02.??"]
[EventType "tourn"]
[EventRounds "13"]
[EventCountry "ESP"]
[EventCategory "17"]
[SourceTitle "CBM 022"]
[Source "ChessBase"]
[SourceDate "1991.06.01"]
[SourceVersion "1"]
[SourceVersionDate "1991.06.01"]
[SourceQuality "1"]

1. e4 {Schussler} e5 2. Nf3 Nc6 3. Bb5 a6 4. Ba4 Nf6 5. O-O Be7 6. Re1 b5 7.
Bb3 d6 8. c3 O-O 9. h3 Bb7 10. d4 Re8 11. Nbd2 Bf8 12. Bc2 g6 13. d5 Nb8 14. b3
c6 15. c4 a5 16. dxc6 (16. a4 bxc4 17. bxc4 Na6 $10) (16. Bd3 b4) 16... Bxc6
17. cxb5 Bxb5 18. Nc4 Na6 19. Bg5 Nb4 20. Bb1 Bxc4 21. bxc4 h6 22. Be3 Qc7 23.
a3 (23. Nd2 Nd7) 23... Na6 24. Nd2 Nc5 25. Bc2 Reb8 26. Rb1 Qc6 27. Rxb8 Rxb8
28. Qa1 h5 (28... Nfxe4 29. Nxe4 Nxe4 30. Bxe4 Qxe4 31. Ba7 $18) 29. Rb1 Rc8
30. f3 Kh7 31. Qc3 a4 32. Rb4 Be7 $1 {/\ Be7-d8-b6} (32... Bh6 33. Bf2) 33. Qb2
Nfd7 34. Rb5 Bd8 35. Qb4 Bb6 36. Bf2 Ra8 37. Qb2 Ra6 38. Qb4 Ne6 39. Bxb6 Nxb6
40. Bd3 Nd7 41. Qc3 Qc7 42. Nb1 Qa7+ 43. Kh2 Ndc5 (43... Nd4 {Through suberb
maneuvers Karpov has reached a superior position and 43..Nd4 would have
preserved this} 44. Rb2 Nc5 $17) 44. Rb4 Nd4 45. Bf1 Rb6 46. Rxb6 Qxb6 47. Qb4
Qd8 48. Qd2 Qf6 49. Kg1 Kg7 50. Be2 Qh4 51. Bd1 Qd8 52. Kf1 Qb6 53. Qb4 Qa7 54.
Nc3 Nd3 {Karpov is preparing a piece sacrifice that looks good at first sight
but white has unexpected resources. I can't remember if the players were in
time trouble here but Karpov could wait till move 60-White can hardly change
anything} (54... Nc6 $1 55. Qb2 (55. Qb5 Nd3 56. Ke2 Nf4+ 57. Kf1 Qe3 58. Qxc6
Qxc3 59. Qxd6 Qb2 $19) 55... Na5 (55... Nd3 56. Qd2 Qd4 57. Nb5) 56. Qe2 (56.
Nxa4 Nxa4 57. Bxa4 Nxc4 58. Qb4 Ne3+ 59. Ke2 Nxg2 $19) 56... Nab3 $17) 55. Qb1
Nxf3 56. Qxd3 Qg1+ 57. Ke2 Qxg2+ 58. Ke3 Nd4 59. Ne2 Qxh3+ 60. Kd2 Qg2 61. Kc3
Ne6 62. Kb4 $1 (62. Qxd6 Qxe4 $36) 62... h4 63. Qxd6 Qxe4 (63... h3 $6 64.
Qxe5+ Kh7 65. Qg3 $13) 64. Nc3 Qe3 65. Bxa4 {The bishop is coming to c6} h3 66.
Bc6 h2 67. Be4 $1 Qxe4 68. Nxe4 h1=Q 69. Qxe5+ Kh7 70. Nf6+ Kh6 71. Ne4 (71.
Qh2+ Qxh2 72. Ng4+ Kg5 73. Nxh2 Kf4 $10) 71... Qb1+ (71... Kh7 72. Nf6+ Kh6)
72. Ka5 Kh7 73. c5 Qe1+ 74. Kb6 Qb1+ 75. Kc6 Qd3 $2 76. Nf6+ Kh6 $2 (76... Kh8)
77. Qe3+ $1 $18 Qxe3 78. Ng4+ Kg5 79. Nxe3 Kf4 80. a4 $1 Kxe3 81. a5 g5 82. a6
g4 83. a7 g3 84. a8=Q g2 85. Qg8 Kf3 86. Kd6 Nxc5 87. Kxc5 f5 88. Qg5 1-0

[Event "Dortmund op-A"]
[Site "Dortmund"]
[Date "1992.??.??"]
[Round "11"]
[White "Dolmatov, Sergey"]
[Black "Ibragimov, Ildar"]
[Result "1-0"]
[WhiteElo "2595"]
[BlackElo "2515"]
[Annotator "Anand,V"]
[PlyCount "61"]
[EventDate "1992.04.??"]
[EventType "swiss"]
[EventRounds "11"]
[EventCountry "GER"]
[SourceTitle "CBM 029"]
[Source "ChessBase"]
[SourceDate "1992.08.01"]
[SourceVersion "1"]
[SourceVersionDate "1992.08.01"]
[SourceQuality "1"]

1. e4 {Dautov} e5 2. Nf3 Nc6 3. Bb5 a6 4. Ba4 Nf6 5. O-O Be7 6. Re1 b5 7. Bb3
d6 8. c3 O-O 9. h3 Re8 10. d4 Bb7 11. Nbd2 Bf8 12. d5 {A nice way to avoid the
main line Zaitsev} Ne7 (12... Na5 13. Bc2 c6 14. b4 Nc4 15. Nxc4 bxc4 16. dxc6
Bxc6 17. Bg5 h6 (17... Be7 {Dautov} 18. Bxf6 Bxf6 19. Ba4 Qd7 20. Bxc6 Qxc6 21.
a4 Rad8 22. Qe2 d5 $10 {Schrezer,A-Nielsen,Pe WchJ Mamaja 1991}) 18. Bxf6 Qxf6
19. Nh2 $14 {P g4-e3, a4}) (12... Nb8 {Dautov} 13. Nf1 Nbd7 14. Ng3 Nc5 $6 15.
Bc2 c6 16. b4 Ncd7 17. dxc6 Bxc6 18. Bb3 Nb6 19. Bg5 h6 20. Bxf6 Qxf6 21. Nh2
$16 {Cseshkovsky,V-Timoshchenko,G Sverdlovsk 1987 44/422}) 13. Nf1 h6 (13... c6
14. Bg5 (14. dxc6 Bxc6 (14... Nxc6 15. Bg5 $16) 15. Ng3 h6) 14... cxd5 15. Bxf6
gxf6 16. Nh4 $1 $44) (13... Ng6 {Dautov} 14. N3h2 h6 15. Ng3 Bc8 16. Bc2 Bd7
17. Be3 Nh7 18. Nf5 Nf4 $14 {Parma,B-Balashov,Y Moscow EUchT 1977}) 14. N3h2 c6
15. Ng4 Nxg4 16. hxg4 cxd5 17. exd5 $14 Nc8 (17... g6 {Dautov} 18. Ng3 Bg7 19.
Ne4 f5 20. gxf5 gxf5 21. Ng3 $14) 18. Ng3 Nb6 19. Ne4 Rc8 (19... Be7 20. a4 (
20. g5 hxg5 21. Qh5 Nxd5) 20... bxa4 21. Bxa4 $14) (19... Be7 $1 {Dautov /
\Rc8<=>><d5}) 20. g5 hxg5 21. Bxg5 Qd7 (21... Be7 22. Qh5 $40) (21... f6 {
Dautov} 22. Qh5 Bxd5 23. Bc2 Be7 (23... Rc7 24. Re3 fxg5 25. Rh3 $40) 24. Re3
fxg5 $2 (24... Bf7 25. Qh7+ $1 Kf8 26. Bh6 $18) (24... f5 25. Bxe7 Qxe7 26.
Qxf5 $16) 25. Qh7+ $1 Kf7 26. Rf3+ $18) 22. Qh5 f5 (22... Nxd5 23. Bxd5 Bxd5
24. Nf6+ $1 $18 (24. Nf6+ {Dautov} gxf6 25. Bxf6 Bg7 26. Qg5 $18)) (22... Qf5 {
Dautov} 23. Bc2 $18) 23. Be3 $1 Nxd5 (23... fxe4 24. Bxb6 $18) (23... Nc4 24.
Ng5 g6 25. Qxg6+ Bg7 26. Qh7+ Kf8 27. Ne6+ Rxe6 28. Qxf5+ $18) 24. Ng5 g6 25.
Qxg6+ Bg7 26. Rad1 Rc4 27. Bxc4 bxc4 28. f4 $1 Re7 29. fxe5 f4 (29... dxe5 30.
Bc5 $18) 30. e6 Qc6 31. Bd4 (31. Bd4 Ne3 32. Qh7+ Kf8 33. Bxg7+ Rxg7 34. Qh8+
Ke7 35. Qxg7+ $18) 1-0

[Event "Rubinstein Memorial 38th"]
[Site "Polanica Zdroj"]
[Date "2006.08.23"]
[Round "4"]
[White "Kryvoruchko, Yuriy"]
[Black "Atalik, Suat"]
[Result "1/2-1/2"]
[WhiteElo "2536"]
[BlackElo "2619"]
[Annotator "Atalik,S"]
[PlyCount "90"]
[EventDate "2006.08.20"]
[EventType "tourn"]
[EventRounds "9"]
[EventCountry "POL"]
[EventCategory "13"]
[SourceTitle "CBM 113 Extra"]
[Source "ChessBase"]
[SourceDate "2006.09.14"]
[SourceVersion "1"]
[SourceVersionDate "2006.09.14"]
[SourceQuality "1"]

1. e4 e5 2. Nf3 Nc6 3. Bb5 a6 4. Ba4 Nf6 5. O-O Be7 6. Re1 b5 7. Bb3 d6 8. c3
O-O 9. h3 Bb7 {I have given another chance to Zaitsev.} 10. d4 Re8 11. Nbd2 Bf8
12. d5 {I have never liked this move for white.However it is one of the most
popular approaches in the Zaitsev line in the last year.} (12. a4 Na5 13. Ba2 (
13. Bc2 b4 $5 (13... c5 $5 14. d5 c4 $13)) 13... exd4 14. cxd4 {are new
approaches in this line.} c5 $132) 12... Nb8 13. Nh2 $5 {This move confused me.
} (13. Nf1 Nbd7 14. N3h2 h6 $5 15. Ng4 Nxg4 16. hxg4 Be7 $13 {has been seen
these year quite a lot.}) 13... Nbd7 $5 ({Why did I need Nbd7 to push c6?} 
13... c6 $1 14. Ng4 (14. dxc6 Nxc6 15. Ng4 Na5) 14... cxd5 15. Nxf6+ Qxf6 16.
Bxd5 Bxd5 17. exd5 Nd7 $11 {looks more than fine for black.}) 14. Ng4 {This
makes a difference.} Nxg4 (14... Nc5 15. Bc2 c6 16. Nxf6+ Qxf6 17. b4 Na4 (
17... Nd7 18. Nb3 $1 $16 {is a good point in white's play that he can use the
knight on queen's wing.}) 18. Bxa4 bxa4 19. c4 $16) 15. hxg4 Be7 (15... Nc5 16.
Bc2 c6 17. b4 Nd7 18. Nb3 (18. dxc6 Bxc6 19. Nf1 Nb6 20. Ne3 d5 21. exd5 Nxd5
22. Nxd5 Bxd5 23. Bb3 $11) 18... cxd5 19. Na5 Qc7 20. Nxb7 Qxb7 21. exd5 Nb6
22. Qd3 g6 23. Bb3 $14) 16. a4 Nc5 {This is the source of black's later
problems.} (16... Bg5 {was consistent and good.} 17. axb5 axb5 18. Rxa8 Bxa8
$13) 17. Bc2 (17. axb5 $2 Nd3 18. Re3 Nxc1 19. Qxc1 axb5 $17) 17... bxa4 (17...
c6 $5 {would have resulted in interesting positions.} 18. b4 Nxa4 19. Bxa4 bxa4
20. Nc4 $1 (20. c4 $2 cxd5 21. exd5 Bc8 $36) 20... cxd5 21. Na5 Qc7 22. Nxb7
Qxb7 23. Qxd5 Qxd5 24. exd5 a5 25. Rxa4 axb4 26. Rxb4 Rec8 (26... Ra1 27. Bd2
Rxe1+ 28. Bxe1 $11) 27. Bb2 $8 $13) 18. Bxa4 Nxa4 19. Rxa4 c6 $6 {Probably
this was the crucial moment.I simply did not feel that black would have gone
worse after this move.} (19... Bc8 20. Nc4 Bd7 21. Ra5 c6 22. dxc6 Bxc6 23. b4
Qc7 $11) 20. Nc4 cxd5 21. Na5 Bc8 22. Nc6 Qd7 23. exd5 Bb7 24. Nxe7+ Rxe7 25.
b3 $1 $16 {After a string of forced moves white had got the upper hand.} f5 $8
26. gxf5 Qxf5 27. Rh4 $1 {White has to exchange queens.} (27. Ba3 $6 Rf8 28. f3
Rf6 $11) 27... Rf7 28. Be3 Rf6 (28... Qf6 29. Rh5 h6 30. c4 $16) 29. c4 Rg6 30.
Qh5 $1 {Just in time!} Qxh5 31. Rxh5 a5 32. f4 $1 {Another strong move by the
young Ukranian.} (32. Ra1 Bc8 33. Bd2 Rb8 34. Rxa5 Bg4 35. Rg5 Rxg5 36. Bxg5
Rxb3 37. Ra6 Be2 $11) ({or} 32. Rb1 Bc8 {do not bring much.}) 32... exf4 33.
Bxf4 Rf8 34. Bd2 $2 {A terrible miss by my young opponent.} (34. Rh4 $1 $18 {
was the move!}) 34... Rf3 $1 $11 {Pulling the bishop out of its post gave
black this oppurtunity.} 35. Re8+ Kf7 36. Re3 $5 ({I was expecting} 36. Rb8 {
after which black has only moves to defend.} Rxb3 37. Rf5+ Rf6 38. Rxf6+ Kxf6
$8 39. Bxa5 Ke5 $8 40. Bc7 Kd4 41. Bxd6 Kxc4 $11) 36... Rxe3 37. Bxe3 a4 $1 38.
bxa4 Rg4 39. Rf5+ Kg6 40. Rf4 Rxf4 41. Bxf4 Ba6 42. c5 dxc5 43. d6 Kf7 {
Now the draw is unavoidable.} (43... Bc8 44. a5 (44. Kf2) 44... Kf7 45. Kf2 Ke6
46. g4 h6 47. Ke3 Ba6 48. Kd2 g5 49. Be5 $11) 44. d7 Ke7 45. Bd6+ Kxd7 1/2-1/2

[Event "CUB-ch"]
[Site "Las Tunas"]
[Date "2001.04.16"]
[Round "14"]
[White "Abreu Delgado, Aryam"]
[Black "Leyva Proenza, Ricardo"]
[Result "1-0"]
[WhiteElo "2480"]
[BlackElo "2400"]
[Annotator "Atlas,V"]
[PlyCount "45"]
[EventDate "2001.04.01"]
[EventType "tourn"]
[EventRounds "16"]
[EventCountry "CUB"]
[EventCategory "9"]
[SourceTitle "CBM 083"]
[Source "ChessBase"]
[SourceDate "2001.07.05"]
[SourceVersion "1"]
[SourceVersionDate "2001.07.05"]
[SourceQuality "1"]

1. e4 e5 2. Nf3 Nc6 3. Bb5 a6 4. Ba4 Nf6 5. O-O Be7 6. Re1 b5 7. Bb3 d6 8. c3
O-O 9. h3 Bb7 10. d4 Re8 11. Nbd2 Bf8 12. d5 Nb8 13. Nf1 Nbd7 14. Ng3 g6 15.
Be3 c6 16. dxc6 Bxc6 17. Ng5 Re7 18. Qxd6 Rc8 19. Rad1 h6 20. Nf3 Re8 21. Qd2
h5 22. Ng5 $1 (22. Nh4 {also wins material, but the text move is much more
efficient.} Nxe4 23. Nxe4 Qxh4 (23... Bxe4 24. Qxd7 Qxh4 25. Qxf7+ Kh8 26. Qg8#
) 24. Bg5 {winning}) 22... Re7 {[%tqu "En","How can White finish the game
victoriously?","White pieces are aimed at the f7-pawn. Can you find a way to
attack its key defender?","Try to exploit evident geometrical motives.","e3c5",
"Correct! This move wins on the spot.",5]} 23. Bc5 $1 {[%csl Rd7,Rd8,Re7,Rf7]
[%cal Gd1d8,Gc5e7,Gb3f7,Gg5f7]} (23. Bc5 $1 {This elegant bishop thrust
deprives Black of last hopes:} Nxc5 (23... Re8 24. Bxf7+) 24. Qxd8 Rxd8 25.
Rxd8 $18) 1-0

[Event "Ptuj zt"]
[Site "Ptuj"]
[Date "1995.??.??"]
[Round "4"]
[White "Kindermann, Stefan"]
[Black "Gostisa, Leon F"]
[Result "1-0"]
[WhiteElo "2585"]
[BlackElo "2420"]
[Annotator "Baburin,A"]
[PlyCount "87"]
[EventDate "1995.04.??"]
[EventType "tourn"]
[EventRounds "15"]
[EventCountry "SLO"]
[EventCategory "10"]
[SourceTitle "CBM 047"]
[Source "ChessBase"]
[SourceDate "1995.08.01"]
[SourceVersion "1"]
[SourceVersionDate "1995.08.01"]
[SourceQuality "1"]

1. e4 e5 2. Nf3 Nc6 3. Bb5 a6 4. Ba4 Nf6 5. O-O Be7 6. Re1 b5 7. Bb3 d6 8. c3
O-O 9. h3 Qd7 10. d4 Re8 11. Nbd2 Bf8 12. d5 Ne7 13. Nf1 h6 14. Ng3 c6 15. dxc6
Qxc6 {[#] Once again, the potential weakness of the d5-square is the main
feature of this position. In order to highlight this weakness White employs a
typical manouevre.} 16. Nh2 $1 {In order to eliminate the Knight on f6, one of
the defenders of the outpost.} Ng6 $2 {Black loses control over the vulnerable
d5-square for a while, but this is just enough for White!} 17. Nh5 $1 d5 (17...
Nxh5 18. Bd5 $18) 18. Nxf6+ Qxf6 19. Bxd5 $18 Rb8 20. Ng4 Bxg4 21. Qxg4 Nf4 22.
Be3 h5 23. Qf3 Nxd5 24. exd5 Qg6 25. Rad1 Bd6 26. Qg3 Qc2 27. Bc1 Qa4 28. Bh6
Bf8 29. b3 Qxa2 30. d6 f6 31. d7 Red8 32. f4 e4 33. Bxg7 Bxg7 34. Rxe4 Qc2 35.
Re7 Qh7 36. Rde1 Qh6 37. f5 Kh7 38. Rf7 Rg8 39. Ree7 Rbd8 40. b4 Kh8 41. Qc7
Kh7 42. h4 Qc1+ 43. Kh2 Kh6 44. Qg3 1-0

[Event "AUT-chT 9697"]
[Site "Austria"]
[Date "1996.??.??"]
[Round "2"]
[White "Popovic, Petar"]
[Black "Pinter, Jozsef"]
[Result "0-1"]
[WhiteElo "2575"]
[BlackElo "2560"]
[Annotator "Balinov,I"]
[PlyCount "66"]
[EventDate "1996.??.??"]
[EventType "team"]
[EventRounds "11"]
[EventCountry "AUT"]
[SourceTitle "CBM 057 Extra"]
[Source "ChessBase"]
[SourceDate "1997.05.01"]
[SourceVersion "1"]
[SourceVersionDate "1997.05.01"]
[SourceQuality "1"]

1. e4 e5 2. Nf3 Nc6 3. Bb5 a6 4. Ba4 Nf6 5. O-O Be7 6. Re1 b5 7. Bb3 d6 8. c3
O-O 9. h3 Nd7 10. d4 Bf6 11. Be3 Na5 12. Bc2 Nc4 13. Bc1 Bb7 14. a4 (14. b3
Ncb6 15. Nbd2 d5 $1 16. exd5 Nxd5 17. Nxe5 Nxc3 18. Bxh7+ Kxh7 19. Qc2+ Kh8 20.
Qxc3 c5 21. Ndf3 cxd4) 14... exd4 15. Nxd4 (15. cxd4 c5) 15... bxa4 16. Rxa4
Ncb6 17. Ra5 (17. Ra1 $142) 17... g6 18. Bh6 Re8 19. Nd2 c5 20. N4f3 Qc7 21.
Ra1 Re7 22. Nh2 (22. Bd3 c4 $1 23. Bc2 Nc5) 22... Rae8 23. Ng4 Bg7 24. Bxg7 (
24. Bf4 f5 $1) (24. Nf1 f5 $1) 24... Kxg7 25. Ne3 Nf6 26. Rf1 (26. Ndc4 d5 $1)
26... d5 27. exd5 Nbxd5 28. Ndc4 Rd8 29. Qc1 Nf4 30. Re1 Kg8 31. b3 Bxg2 32.
Nxg2 Nxh3+ 33. Kf1 (33. Kh1 Nxf2+ 34. Kg1 Nh3+ 35. Kh1 Ng4 $19) 33... Qh2 0-1

[Event "YUG-chT"]
[Site "Vrnjacka Banja"]
[Date "1998.??.??"]
[Round "7"]
[White "Pavlovic, Milos"]
[Black "Beliavsky, Alexander G"]
[Result "0-1"]
[WhiteElo "2505"]
[BlackElo "2645"]
[Annotator "Beliavsky,A"]
[PlyCount "92"]
[EventDate "1998.08.??"]
[EventType "team"]
[EventRounds "11"]
[EventCountry "YUG"]
[SourceTitle "CBM 067"]
[Source "ChessBase"]
[SourceDate "1998.11.30"]
[SourceVersion "2"]
[SourceVersionDate "1998.11.01"]
[SourceQuality "1"]

1. e4 e5 2. Nf3 Nc6 3. Bb5 a6 4. Ba4 Nf6 5. O-O Be7 6. Re1 b5 7. Bb3 d6 8. c3
O-O 9. h3 Re8 10. d4 Bf8 11. a4 Na5 {N} (11... Bd7 12. axb5 axb5 13. Rxa8 Qxa8
14. Bg5 $16) 12. Bxf7+ (12. Ba2 exd4 13. cxd4 Bb7 $36 14. e5 dxe5 15. dxe5 Qxd1
16. Rxd1 Bxf3 17. gxf3 Rxe5 18. Bf4 Re2 $132) 12... Kxf7 13. axb5 Nc4 (13...
axb5 14. dxe5 dxe5 15. Qxd8 Rxd8 16. b4 Bb7 17. bxa5 Nxe4 18. Nxe5+ Kg8 19. Be3
$16) 14. Qb3 d5 15. Nbd2 (15. exd5 e4 (15... exd4 16. Rxe8 Nxe8 17. Ng5+ Kg8
18. Qxc4 axb5 19. Qd3 $18) 16. Ng5+ Kg6 (16... Kg8 17. d6 $18) 17. f3 Qxd5 (
17... exf3 18. Rxe8 Qxe8 19. Nxf3 $1 $16) 18. fxe4 axb5 19. exd5 Rxe1+ 20. Kf2
Rxa1 21. Kxe1 Rxb1) 15... Kg8 (15... Nxd2 16. Bxd2 exd4 17. e5 Ng8 18. Ng5+ Kg6
19. cxd4 Ne7 20. g4 $16) 16. Nxc4 dxc4 17. Qxc4+ Be6 18. d5 axb5 19. Rxa8 Qxa8
20. Qxc7 Qc8 (20... Bd7 21. Bg5) 21. Qxc8 Bxc8 22. Bg5 Bd7 23. Bxf6 gxf6 24.
Ra1 Rc8 25. Ra7 (25. Ra6 Kf7 26. Ra7 Ke8) 25... Be8 26. Nh4 b4 27. Nf5 (27.
cxb4 $142) 27... bxc3 28. bxc3 Bg6 $17 29. Ra6 (29. g4 $142 Rxc3 30. Kg2) 29...
Kf7 30. Ra7+ Ke8 31. Ra6 Bxf5 32. exf5 Be7 33. d6 Bd8 34. Ra7 Rc6 $19 35. Rxh7
Rxd6 36. h4 Bb6 37. Rb7 Rd1+ 38. Kh2 Bxf2 39. h5 Be3 40. Rg7 Bg5 41. c4 e4 42.
Rg6 e3 43. h6 e2 44. h7 Rh1+ 45. Kxh1 e1=Q+ 46. Kh2 Qh4+ 0-1

[Event "Minsk International"]
[Site "Minsk"]
[Date "1982.05.20"]
[Round "10"]
[White "Kuzmin, Gennadi P"]
[Black "Balashov, Yuri S"]
[Result "1-0"]
[WhiteElo "2545"]
[BlackElo "2595"]
[Annotator "Belov,I"]
[PlyCount "83"]
[EventDate "1982.05.07"]
[EventType "tourn"]
[EventRounds "15"]
[EventCountry "URS"]
[EventCategory "11"]
[SourceTitle "MCL"]
[Source "ChessBase"]
[SourceDate "1999.07.01"]
[SourceVersion "1"]
[SourceVersionDate "1999.07.01"]
[SourceQuality "1"]

1. e4 e5 2. Nf3 Nc6 3. Bb5 a6 4. Ba4 Nf6 5. O-O Be7 6. Re1 b5 7. Bb3 O-O 8. c3
d6 9. h3 (9. d3 Na5 10. Bc2 c5 11. Nbd2 Nc6 12. Nf1 Re8 13. h3 Bf8 {Smirin,
I-Frolov,A/Biel(izt)/1993/1:0 (58) Inf 58/369/}) 9... Bb7 10. d3 (10. d4 $5)
10... Na5 11. Bc2 c5 12. Nbd2 Re8 13. Nf1 Rc8 (13... Bf8 14. Ng3 g6 (14... d5
$5 15. exd5 Qxd5 16. Bg5 Qc6 $1 $15 {Illescas Cordoba,M-Ivanchuk,V/Linares/
1992/0:1 (57) Inf 54/341/}) 15. Bg5 h6 16. Bd2 $14 {Fisher,R-Spassky,B/JUG(m/7)
/1992/1:0 (44) Inf 55/348/}) 14. Ng3 g6 15. a3 $5 Bf8 (15... Qc7 $5 16. b4 Nc6
17. Bb3 Nd8 $1) 16. b4 Nc6 17. Bb3 Nb8 $6 (17... a5 $5) (17... Rc7 $5) 18. Qe2
cxb4 $6 (18... Qc7 $5) 19. cxb4 $16 Bg7 20. Qa2 Qd7 21. Bd2 Nc6 22. Rad1 h6 $6
23. Nh4 d5 (23... Kf8 24. Be3 Nd4 $6 25. Bxd4 exd4 26. Nf3 Nh7 27. Ne2) 24. Be3
Nd4 $2 (24... a5 $5 25. Qd2 Kh7 26. Bc5 $16) 25. Bxd4 exd4 26. e5 Nh7 27. f4 g5
28. Nhf5 gxf4 29. Nxg7 Kxg7 30. Nh5+ Kh8 31. Qf2 $18 Qf5 (31... Rc3 32. Qxd4
Rxb3 33. e6+ $18) 32. Nxf4 $6 (32. g4 $1 Qg5 33. Qxd4 $18) 32... Rxe5 33. Qxd4
f6 34. Rf1 $18 Rg8 35. Rc1 Qg5 36. Rc7 Ba8 37. Bd1 $1 Qg3 38. Qf2 Qxf2+ 39.
Kxf2 Ng5 40. Bg4 d4 41. Rfc1 h5 $5 42. Rc8 $1 (42. Bxh5 $2 Rf5 43. Kg3 Ne6+ 44.
Ng6+ Rxg6+ 45. Bxg6 Rg5+ $19) (42. Rc8 hxg4 43. Ng6+ Kh7 44. Nxe5 fxe5 45. Rxg8
Kxg8 46. Rc8+ $18) 1-0

[Event "Hoogovens"]
[Site "Wijk aan Zee"]
[Date "1977.01.19"]
[Round "5"]
[White "Kurajica, Bojan"]
[Black "Nikolac, Juraj"]
[Result "1-0"]
[WhiteElo "2530"]
[BlackElo "2475"]
[Annotator "Bulletin"]
[PlyCount "71"]
[EventDate "1977.01.14"]
[EventType "tourn"]
[EventRounds "11"]
[EventCountry "NED"]
[EventCategory "11"]
[SourceTitle "MCL"]
[Source "ChessBase"]
[SourceDate "1999.07.01"]
[SourceVersion "1"]
[SourceVersionDate "1999.07.01"]
[SourceQuality "1"]

1. e4 e5 2. Nf3 Nc6 3. Bb5 a6 4. Ba4 Nf6 5. O-O Be7 6. Re1 b5 7. Bb3 d6 8. c3
O-O 9. h3 Nd7 10. d4 Nb6 11. Nbd2 exd4 12. cxd4 d5 13. Bc2 $1 (13. e5 $10)
13... Be6 14. a3 $1 Qd7 15. b3 f5 16. exf5 Bxf5 17. Bb2 Rf6 18. Bxf5 Qxf5 19.
Rc1 Bf8 20. Qc2 $1 Qh5 (20... Qxc2 21. Rxc2 Rd8 22. Rec1 Rdd6 23. Ne5) 21. Nf1
Nd7 22. Ng3 Qh6 (22... Qf7 23. Ng5 Qg6 24. Qxg6) 23. Nh2 Qg5 24. Qe2 Rg6 25.
Qf3 Nb6 $6 (25... Rf6 26. Qg4 Qxg4 27. Nxg4 Rg6 28. Nf5 Rc8 $14) 26. Ng4 a5 27.
Qd3 $1 Rb8 28. Rc2 (28. Qxb5 $2 Nc4 $1) 28... a4 29. Qxb5 Nc4 30. Qxa4 Nb6 31.
Qa6 h5 32. Bc1 Qd8 33. Qd3 Ne7 34. Nxh5 Qd6 35. Bf4 Qxa3 36. Rxe7 1-0

[Event "Bugojno"]
[Site "Bugojno"]
[Date "1978.03.04"]
[Round "6"]
[White "Karpov, Anatoly"]
[Black "Gligoric, Svetozar"]
[Result "1/2-1/2"]
[WhiteElo "2725"]
[BlackElo "2565"]
[Annotator "Bulletin"]
[PlyCount "89"]
[EventDate "1978.02.27"]
[EventType "tourn"]
[EventRounds "15"]
[EventCountry "YUG"]
[EventCategory "14"]
[SourceTitle "MCL"]
[Source "ChessBase"]
[SourceDate "1999.07.01"]
[SourceVersion "1"]
[SourceVersionDate "1999.07.01"]
[SourceQuality "1"]

1. e4 e5 2. Nf3 Nc6 3. Bb5 a6 4. Ba4 Nf6 5. O-O Be7 6. Re1 b5 7. Bb3 d6 8. c3
O-O 9. h3 Bb7 10. d4 Re8 11. Nbd2 Bf8 12. a3 (12. Bc2 h6 (12... g6 13. b3 Bg7
14. d5 Nb8 15. Nf1 c6 16. c4 $14 {Karpov-Balashov, USSR-44ch 1976}) 13. d5 Ne7
14. b3 c6 15. c4 Ng6 16. Nf1 cxd5 17. cxd5 Bc8 18. a4 Bd7 $10 {Geller-Balashov,
USSR-44ch 1976}) 12... g6 13. Ba2 Bg7 14. d5 Nb8 15. Nf1 Nbd7 16. Ng3 Qe7 17.
b3 c6 18. c4 bxc4 19. bxc4 cxd5 20. cxd5 Nc5 $14 21. Bd2 (21. Bb1 {/\Be3,Bc2,
Qd2}) (21. Qe2) 21... Rec8 $1 22. Ba5 (22. Qe2 {/\Bc4}) 22... Bh6 $1 23. Rb1
Rcb8 24. Nd2 Bc8 $14 25. Nc4 (25. Bc4 $5 {/\Nb3}) 25... Rb5 $1 $10 26. a4 Rxb1
27. Bxb1 Bd7 28. Bc2 Be8 29. Qa1 (29. Bb6 Nfd7 $2 (29... Rc8) 30. Bc7) 29...
Rc8 30. Qa2 Nb7 31. Bb6 Nd7 32. Rb1 (32. Ba7 $5 Ra8 (32... Qd8) 33. Nb6 $1)
32... Nxb6 33. Nxb6 Rd8 34. Bd3 Nc5 35. Qe2 Bxa4 36. Nxa4 Nxa4 37. Ra1 Nc5 38.
Bxa6 Ra8 39. Ra2 Qd8 40. Bc4 Rxa2 41. Bxa2 Qa5 42. Bb1 Bg5 43. Nf1 h5 44. g3
Nd7 45. Kg2 1/2-1/2

[Event "World Cup"]
[Site "Skelleftea"]
[Date "1989.08.??"]
[Round "12"]
[White "Tal, Mihail"]
[Black "Karpov, Anatoly"]
[Result "1/2-1/2"]
[WhiteElo "2585"]
[BlackElo "2755"]
[Annotator "Bulletin"]
[PlyCount "66"]
[EventDate "1989.08.??"]
[EventType "tourn"]
[EventRounds "15"]
[EventCountry "SWE"]
[EventCategory "16"]
[SourceTitle "CBM 014"]
[Source "ChessBase"]
[SourceDate "1990.02.01"]
[SourceVersion "1"]
[SourceVersionDate "1990.02.01"]
[SourceQuality "1"]

1. e4 e5 2. Nf3 Nc6 3. Bb5 a6 4. Ba4 Nf6 5. O-O Be7 6. Re1 b5 7. Bb3 d6 8. c3
O-O 9. h3 Nd7 10. d4 Bf6 11. a4 Bb7 12. axb5 axb5 13. Rxa8 Qxa8 14. Na3 b4 15.
Nc4 bxc3 16. bxc3 Na5 17. Nxa5 Qxa5 18. Qc2 {'!' Bulletin.} exd4 19. cxd4 Bxd4
20. Bd2 Qc5 21. Nxd4 Qxd4 22. Bc3 Qc5 23. Qd2 Kh8 24. Bd4 Qh5 25. Bd1 {'!'
Bulletin.} (25. Qc3 Qg6 $1 26. Qxc7 Bxe4 $1) 25... Qg6 26. Bg4 {'!' Bulletin.}
f5 27. exf5 Qf7 28. Re6 Nf6 29. Bxf6 gxf6 30. Qe2 Qg7 31. Re7 Rf7 32. Re8+ Rf8
33. Re7 (33. Qe7 $5 Qxe7 34. Rxe7 Rc8 35. Rf7 Kg8 $2 (35... Bd5 $1 $13) 36.
Rxf6 Rd8 {/\ c5,d5} 37. Re6 $18) 33... Rf7 1/2-1/2